Phương pháp dạy học văn
Trình bày những vấn đề lý luận chung về bộ môn văn học (giới thiệu bộ môn văn trong nhà trường phổ thông ..), phương pháp dạy văn ở các bậc học khác nhau trong chương trình văn học phổ thông.
Đã lưu trong:
| 主要作者: | |
|---|---|
| 格式: | 圖書 |
| 語言: | Undetermined |
| 出版: |
Hà Nội
Nxb. Đại học Sư phạm
2014
|
| 主題: | |
| 標簽: |
添加標簽
沒有標簽, 成為第一個標記此記錄!
|
| Thư viện lưu trữ: | Trung tâm Học liệu Trường Đại học Cần Thơ |
|---|
| LEADER | 00935nam a2200217Ia 4500 | ||
|---|---|---|---|
| 001 | CTU_202069 | ||
| 008 | 210402s9999 xx 000 0 und d | ||
| 020 | |c 65000 | ||
| 082 | |a 807.12 | ||
| 082 | |b L502/T.1 | ||
| 100 | |a Phan, Trọng Luận | ||
| 245 | 0 | |a Phương pháp dạy học văn | |
| 245 | 0 | |c Phan Trọng Luận | |
| 260 | |a Hà Nội | ||
| 260 | |b Nxb. Đại học Sư phạm | ||
| 260 | |c 2014 | ||
| 520 | |a Trình bày những vấn đề lý luận chung về bộ môn văn học (giới thiệu bộ môn văn trong nhà trường phổ thông ..), phương pháp dạy văn ở các bậc học khác nhau trong chương trình văn học phổ thông. | ||
| 650 | |a Vietnamese literature,Văn học Việt Nam | ||
| 650 | |x Study and teaching,Dạy và học | ||
| 904 | |i Nguyên | ||
| 980 | |a Trung tâm Học liệu Trường Đại học Cần Thơ | ||